| 000 | 00915nam a22002417a 4500 | ||
|---|---|---|---|
| 003 | 0 | ||
| 005 | 20251121112010.0 | ||
| 008 | 251121b xxu||||| |||| 00| 0 eng d | ||
| 020 | _a978-0-85707-352-5 | ||
| 050 |
_aPZ 7 _b.R915935 Dor 2011 |
||
| 100 |
_aRussell, Rachel Renée, _eauthor. |
||
| 245 |
_aDork diaries : _bhow to dork your diary / _cRachel Renée Russell. |
||
| 260 |
_aNew York : _bSimon & Schuster, _c2011. |
||
| 300 |
_a184 pages : _billustrations ; _c20 cm. |
||
| 500 | _aDiary/journal-style activity companion to the Dork Diaries series. | ||
| 520 | _aA guided diary that invites readers to create entries, answer questions, and complete prompts based on the world of the Dork Diaries. | ||
| 650 |
_aDiaries _vFiction. |
||
| 650 |
_aMiddle school students _vFiction. |
||
| 650 | _aHumorous stories. | ||
| 700 |
_aRussell, Nikki, _eillustrator. |
||
| 830 | _aDork diaries. | ||
| 942 |
_2lcc _cBK |
||
| 999 |
_c368680 _d368680 |
||